| 000 | 00607nam a2200241Ia 4500 | ||
|---|---|---|---|
| 003 | OSt | ||
| 005 | 20250707111438.0 | ||
| 008 | 210423s2013 xx 000 0 und d | ||
| 020 | _a978-81-203-4588-1 | ||
| 040 | _cAL | ||
| 041 | _aeng | ||
| 082 |
_a070.1 _bVIVM |
||
| 100 |
_aJohn Vivian _9107687 |
||
| 245 | _aMedia of mass communication | ||
| 250 | _a11 | ||
| 260 |
_aNew Jersey _bTata McGraw-hill _c2013 |
||
| 300 |
_axxvi,478 _bPB |
||
| 365 |
_b775 _cINR |
||
| 650 |
_aGeneral _9107689 |
||
| 650 |
_aMass Media _9107691 |
||
| 906 | _a11 ; communication ; Ed ; mass ; Media | ||
| 942 |
_2ddc _cBK |
||
| 999 |
_c166699 _d166699 |
||